000 00283nam a22001337a 4500
008 171016b xxu||||| |||| 00| 0 eng d
020 _a0674805836
041 _aeng
080 _a33
100 _a52
101 _aECO
245 _aSHRAE ECONOMY
_cWEITZMAN.M.L
942 _2udc
_cBK
999 _c34026
_d34026